A concise history of Buddhism / (Record no. 47744)

000 -LEADER
fixed length control field 00609nam a22001937a 4500
005 - DATE AND TIME OF LATEST TRANSACTION
control field 20260225085019.0
008 - FIXED-LENGTH DATA ELEMENTS--GENERAL INFORMATION
fixed length control field 260225b ||||| |||| 00| 0 eng d
020 ## - INTERNATIONAL STANDARD BOOK NUMBER
International Standard Book Number 0760748292
040 ## - CATALOGING SOURCE
Transcribing agency SSBUL
082 ## - DEWEY DECIMAL CLASSIFICATION NUMBER
Edition number 23
Classification number 294.309 Sk
Item number 23889 S-KRN
100 1# - MAIN ENTRY--PERSONAL NAME
Personal name Skilton, Andrew.
9 (RLIN) 25163
245 12 - TITLE STATEMENT
Title A concise history of Buddhism /
Statement of responsibility, etc. Andrew Shilton;
260 ## - PUBLICATION, DISTRIBUTION, ETC.
Place of publication, distribution, etc. Birmingham:
Name of publisher, distributor, etc. Windhorse Publications,
Date of publication, distribution, etc. 1994.
300 ## - PHYSICAL DESCRIPTION
Extent 263 pages:
Other physical details maps;
Dimensions 23 cm.
500 ## - GENERAL NOTE
General note S-KRN: Prof. K. R. Norman
504 ## - BIBLIOGRAPHY, ETC. NOTE
Linkage Includes bibliographical references and index.
650 ## - SUBJECT ADDED ENTRY--TOPICAL TERM
Topical term or geographic name entry element Buddhism
Form subdivision History.
9 (RLIN) 37099
942 ## - ADDED ENTRY ELEMENTS (KOHA)
Source of classification or shelving scheme
Koha item type Book (Short term)
Holdings
Withdrawn status Lost status Source of classification or shelving scheme Damaged status Not for loan Collection code Permanent Location Current Location Shelving location Date acquired Total Checkouts Full call number Barcode Date last seen Price effective from Koha item type Accession
          Special Collections Shan State Buddhist University Library Shan State Buddhist University Library Special Collection Shelves 25/02/2026   294.309 Sk 23889 S-KRN EB00023889 25/02/2026 25/02/2026 Book (Short term) 23889 S-KRN

Library - 09407999929
Admin Office - 09407999979
Dean Office - 09250910768
Registrar Office - 09892297154
Email - [email protected]
Shan State Buddhist University, Phaya Phyu Taunggyi, Shan State, Myanmar.